| 000 | 00381nam a2200133Ia 4500 | ||
|---|---|---|---|
| 005 | 20260328104246.0 | ||
| 008 | 260328s9999||||xx |||||||||||||| ||und|| | ||
| 100 | _aGonzález Velásquez, Augusto | ||
| 245 | 0 |
_aLa Residencia de Obra : _b recopilacion de Conferencias / _cAugusto González Velásquez |
|
| 260 | _bClave | ||
| 300 | _a408 p. | ||
| 650 | _aCONSTRUCCIÓN | ||
| 942 | _cBK | ||
| 999 |
_c10079 _d10079 |
||